000 00734nam a2200241Ia 4500
003 OSt
005 20221006143300.0
006 a|||||r|||| 00| 0
007 ta
008 221006b |||||||| |||| 00| 0 eng d
024 _a8,540
037 _cTextual
040 _aEASL
_cEASL
_beng
041 _2eng
_aeng
082 _aX7232.42.M70, M0
100 _aKELLY William Wright
_9649555
245 0 _aWater control in an agrarian state
_b Irrigation organization in a Japanese river basin, 1600-1870
260 _aAnn Arbor
_bUnivesiyt Microfilms International
_c1980
300 _a560p.
_ccm.
490 _v JEL
942 _hX7232.42.M70, M0
_cTEXL
_2CC
999 _c1076626
_d1076626